LEADER 01076nam0 22002891i 450 001 RML0314661 005 20231121125753.0 100 $a20121121d2010 ||||0itac50 ba 101 | $aeng 102 $ade 181 1$6z01$ai $bxxxe 182 1$6z01$an 200 1 $a˜A œbrief illustrated history of machines and mechanisms$fEmilio Bautista Paz ... [et al.] 210 $aDordrecht $cSpringer $dc2010 215 $aXVI, 217 p.$d24 cm 606 $aTecnologia$xStoria$2FIR$3RMLC054203$9I 606 $aMacchine$xStoria$2FIR$3RMLC087239$9I 676 $a621.8$9$v21 700 1$aBautista Paz$b, Emilio$3RMLV203209$01446280 801 3$aIT$bIT-01$c20121121 850 $aIT-FR0099 899 $aBiblioteca Area Ingegneristica$bFR0099 912 $aRML0314661 950 0$aBiblioteca Area Ingegneristica$d 54DMS 621.8 BAU$e 54VM 0000852395 VM barcode:BAIN005205. - Inventario:2665MVM$fA $h20101004$i20121204 977 $a 54 996 $aBrief illustrated history of machines and mechanisms$93632547 997 $aUNICAS LEADER 00947nam0 22002531i 450 001 RML0237059 005 20231121125703.0 100 $a20121121d1993 ||||0itac50 ba 101 | $aita 102 $ait 181 1$6z01$ai $bxxxe 182 1$6z01$an 200 1 $aPolitica ed economia in agricoltura$eUn'analisi metodologica delle scelte$fFrancesco Lechi 210 $aMilano $cEtas Libri $d1993 215 $avii,140 p.$d24 cm 700 1$aLECHI$b, Francesco$3RMLV151396$071326 801 3$aIT$bIT-01$c20121121 850 $aIT-FR0098 899 $aBiblioteca Area Giuridico Economica$bFR0098 912 $aRML0237059 950 0$aBiblioteca Area Giuridico Economica$d 53TER 338.1/178$e 53VM 0000057765 VM barcode:ECO002349. - Inventario:2272. - Fondo:Sala consultazioneVM$fA $h19951024$i20121204 977 $a 53 996 $aPolitica ed economia in agricoltura$9665258 997 $aUNICAS